| 000 | 01341nam a2200397 a 4500 | ||
|---|---|---|---|
| 001 | 25469 | ||
| 003 | CO-ViMGA | ||
| 005 | 20230915232059.0 | ||
| 006 | a5028932 | ||
| 008 | 141112s2004 ck r 000 u spa d | ||
| 015 | _aMON1104 | ||
| 017 | _aM 2123 - 2011 Oficina Depósito Legal Madrid | ||
| 020 | _a9788408096573 | ||
| 035 | _a(OCoLC)776571776 | ||
| 040 |
_aCO-ViMGA _bspa _cCO-ViMGA |
||
| 041 |
_aspa _beng |
||
| 080 | _a913(460.235 B.)(036) | ||
| 082 | 0 | 4 | _aR914.672 S45b |
| 100 | 1 |
_aSimonis, Damien _938866 |
|
| 240 | _aBarcelona Español | ||
| 245 | 1 | 0 |
_aBarcelona / _cDamien Simonis ; [traducción, Isaías Fanlo] |
| 250 | _a5a. ed. en español | ||
| 260 | _aBarcelona GeoPlaneta 2011 | ||
| 300 | _a308 p., VI p. de lam. col. il. col., mapa, planos 20 cm 1 mapa pleg. | ||
| 490 | _aGuías de ciudad | ||
| 500 | _aíìndice | ||
| 594 | _aTítulo original : Barcelona. 7┬¬ ed. | ||
| 596 | _aPrecede al título : Lonely Planet | ||
| 650 | 1 | 4 |
_aBarcelona (España) - - Descripciones y viajes - - Guías _938867 |
| 650 | 1 | 4 |
_aBarcelona (España) - - Vida social y costumbres _938868 |
| 650 | 1 | 4 |
_aTurismo - - Barcelona (España) - - Guías _938869 |
| 651 |
_aBarcelona - Guías turísticas - embne _938870 |
||
| 926 | _aBNALCALA SG_PETANTI 12/762269 FONDO_MODE 1 | ||
| 942 |
_2ddc _cBK |
||
| 956 | _a2 | ||
| 999 |
_c33055 _d33055 |
||